00751nam a2200217Ii 45000010005000000030009000050080041000140400033000550410008000880820017000961100032001132450041001452640051001863000012002373360026002493370028002753380027003039400050003309990017003809520136003974586CO-ViMGA241108s9999||||xx |||||||||||||| ||und|| aCO-ViMGAbspaerdacCO-ViMGA0 aspa04a614.772 M6651 aMinisterio de Salud,91833110aDisposiciones sanitarias sobre aguas 1aBogotá, Colombia : Ministerio de Salud, 1984 avolumen atextbtxt2rdacontent aunmediatedbn2rdamedia avolumebnc2rdacarrier aidficha_siabuc: 4472. -- ficha_no_siabuc:4586 c47845d47845 001040708001aMEVIGERRbMEVIGERRcGENd2006-11-27o614.772 M665pECA3508r2024-11-26 09:37:40tEj.1w2024-11-26yBKz4472 | 6510